000
00316nam a2200121Ia 4500
008
150201s2012 xx 000 0 und d
082
_a
624.1821
_b
SUB
100
_a
Subramanian, N.
245
_a
Design of steel structures
260
_b
Oxford University Press
_a
N.Delhi
_c
2012
300
_a
1211p.
942
_2
ddc
_c
BK
_0
6
999
_c
5553
_d
5553